| Tag |
First Indicator |
Second Indicator |
Subfields |
| LEADER |
00000cam a22000004a 4500 |
| 001 |
in00002391738 |
| 005 |
20151109055006.0 |
| 008 |
071029s2008 nyu 000 1 eng |
| 010 |
|
|
|a 2007044774
|
| 020 |
|
|
|a 9780399154843
|
| 020 |
|
|
|a 0399154841
|
| 029 |
1 |
|
|a NZ1
|b 11610628
|
| 035 |
|
|
|a (OCoLC)ocn178209840
|
| 035 |
|
|
|a (OCoLC)178209840
|
| 040 |
|
|
|a DLC
|c DLC
|d BTCTA
|d BAKER
|d YDXCP
|d UPZ
|d ZS3
|d P@N
|d C#P
|d VP@
|d OCLCQ
|d UtOrBLW
|
| 042 |
|
|
|a pcc
|
| 043 |
|
|
|a e-uk-en
|
| 049 |
|
|
|a TXAM
|
| 050 |
0 |
0 |
|a PS3561.R44
|b T49 2008
|
| 082 |
0 |
0 |
|a 813/.54
|2 22
|
| 100 |
1 |
|
|a Quick, Amanda.
|
| 245 |
1 |
4 |
|a The Third Circle /
|c Amanda Quick.
|
| 264 |
|
1 |
|a New York :
|b G.P. Putnam's Sons,
|c [2008]
|
| 264 |
|
4 |
|c ©2008
|
| 300 |
|
|
|a 342 pages ;
|c 24 cm.
|
| 336 |
|
|
|a text
|b txt
|2 rdacontent
|
| 337 |
|
|
|a unmediated
|b n
|2 rdamedia
|
| 338 |
|
|
|a volume
|b nc
|2 rdacarrier
|
| 520 |
|
|
|a In this new Arcane Society novel set in Victorian England, Leona Hewitt, a gifted crystal worker, isn't the only one sneaking into Lord Delbridge's private museum to recover a relic. Thaddeus Ware, a mesmerist with psychic gifts, is on a similar mission. Neither one of them has any idea that this relic--a rare ancient crystal--will lead them in a deadly chase where danger and desire await.
|
| 650 |
|
0 |
|a Relics
|v Fiction.
|
| 650 |
|
0 |
|a Hypnotists
|v Fiction.
|
| 650 |
|
0 |
|a Secret societies
|z England
|v Fiction.
|
| 655 |
|
7 |
|a Romantic suspense fiction.
|2 gsafd
|
| 938 |
|
|
|a Baker and Taylor
|b BTCP
|n BK0007477229
|
| 938 |
|
|
|a Baker & Taylor
|b BKTY
|c 24.95
|d 18.71
|i 0399154841
|n 0007477229
|s active
|
| 938 |
|
|
|a YBP Library Services
|b YANK
|n 2757288
|
| 948 |
|
|
|a cataloged
|b h
|c 2008/6/3
|d c
|e ceaton
|f 11:37:59 am
|
| 994 |
|
|
|a C0
|b TXA
|
| 999 |
|
|
|a MARS
|
| 999 |
f |
f |
|s 83272b38-69e1-31f5-bc88-2631380b5c01
|i 59bffe91-13be-3de6-aa11-ccead4e92926
|t 0
|
| 952 |
f |
f |
|p normal
|a Texas A&M University
|b College Station
|c Sterling C. Evans Library
|d Evans: Library Stacks
|t 0
|e PS3561.R44 T49 2008
|h Library of Congress classification
|i unmediated -- volume
|m A14837154455
|
| 998 |
f |
f |
|a PS3561.R44 T49 2008
|t 0
|l Evans: Library Stacks
|